000 00654nam a2200205 i 4500
001 31184
003 ES-MaACL
005 20250815113040.0
007 t|
008 030128m19011902fr ||||1| fre d
100 1 _aBehal, Auguste.
_927047
245 1 0 _aTraité de chimie organique /
_cpar Auguste Behal ; précéde d'une préface de M. Ch. Friedel.
250 _a2eme ed. corr. y aum.
260 _aParis :
_bOctave Doin,
_c1901-1902 (
_fChartres-Durand)
300 _a2 v. ;
_c25 cm.
650 7 _aQuímica orgánica
_2embne
_9136799
700 1 _aFriedel, Charles (
_d1832-1899)
_952617
852 _aES-MaACL
_jB-4820-21
999 _c31184
_d31184